| 000 | 00608nam a22001937a 4500 | ||
|---|---|---|---|
| 999 |
_c10761 _d10761 |
||
| 003 | AR-CdUCM | ||
| 008 | 190401b ||||| |||| 00| 0 spa d | ||
| 040 |
_aMUNICIPALIDAD PROVINCIAL DEL CUSCO _cBIBLIOTECA MUNICIPAL DEL CUSCO |
||
| 082 |
_aEP / 813 / _bK29 |
||
| 245 | _aCuentos populares suizos / | ||
| 260 |
_aBarcelona : _bEdit. Molino, _c1959. |
||
| 300 |
_a109 paginas ; _bIlustraciones, _c29 cm. |
||
| 505 | _aContenido :Cuentos infantiles / | ||
| 650 |
_aLiteratura educacional primaria _927715 |
||
| 650 |
_aCuentos _9217 |
||
| 700 |
_aAnna Keller _927777 |
||
| 942 |
_2ddc _cLIBROS |
||
| 945 | _arjall | ||